02118nam a2200565 i 450000100060000000300090000600500170001500800390003201500170007104000480008804100130013604600090014908000620015808000100022008000110023008000120024110000500025324501380030324600460044126000560048730000350054333600270057833700540060533800280065938000170068738000240070438000280072838500410075638800140079738800140081150000550082550400120088065800240089265500300091665000090094665000110095565000180096670000470098470000460103170000440107771000420112185600980116394200120126199900170127395200620129095200500135295200500140295200500145295200500150246998KOSZ 00520200630132831.0061121s1969 pl a f f 001 0 pol aPB 1974/6513 aWA NcKOSZ 005/RWdKOSZ 005/RWdKOSZ 005/HR1 apolheng k1963 a535  a536.7 a537.86 a(075.8)1 aFeynman, Richard Phillipsd(1918-1988)eAutor10aFeynmana wykłady z fizyki.nT. 1, cz. 2 /cRichard P. Feynman, Robert. B. Leighton, Matthew Sands ; [tł. Andrzej Jurewicz et al.].1 iTyt. oryg.:aFeynman lectures on physics. aWarszawa :bPaństwowe Wydawnictwo Naukowe,c1969. a433 s. :bil., wykr. ;c25 cm. 2rdacontentaTekstbtxt 2rdamediaaBez urządzenia pośredniczącegobn 2rdacarrieraWoluminbnc aKsiążki. aPublikacje naukowe. aPublikacje dydaktyczne. mPoziom nauczania.aSzkoły wyższe. a1901-2000 a1945-1989 aTyt. oryg.: The Feynman lectures on physics.  aIndeks. aFizyka i astronomia 4aPodręczniki akademickie 4aFale 4aOptyka 4aTermodynamika1 aJurewicz, Andrzejd(?-2004).eTłumaczenie1 aSands, Matthew Linzeed(1919-2014)eAutor1 aLeighton, Robert B.d(1919-1997)eAutor2 aPaństwowe Wydawnictwo Naukowe4pbl. uhttp://koha.tu.koszalin.pl/cgi-bin/koha/opac-detail.pl?biblionumber=46998yKatalog online BPK 2UKDcKS c46998d46998 00104070aBPKbBPKcwo5456/2p01817027s2018-07-11yKS 00104070aBPKbBPKcwo5457/2p01602197yKS 00104070aBPKbBPKcwo5458/2p02190716yKS 00104070aBPKbBPKcwo5459/2p01208191yKS 00104070aBPKbBPKcwo5460/2p01358216yKS